| 000 | 01422nam0a2200325 4500 | ||
|---|---|---|---|
| 001 | RU\NLR\bibl\64245 | ||
| 005 | 20250616092658.0 | ||
| 021 |
_aRU _b99-39061 _91928 |
||
| 035 | _a(NLR Aleph) 000062691 | ||
| 090 |
_a342276 _c342276 |
||
| 100 | _a19991217d1999 |||y0rusy50 ca | ||
| 101 | 0 | _arus | |
| 102 | _aRU | ||
| 105 | _ay ||||||||| | ||
| 200 | 1 |
_aОбучение языку специальности _eУчебно-метод. пособие _eДля иностр. студентов-журналистов 1 курса _fС.И. Дерягина, В.М. Шаклеин |
|
| 210 |
_aМ. _cИзд-во РУДН _d1999 |
||
| 215 |
_a44 с. _d20 |
||
| 606 | 0 |
_aРусский язык _xЛексика _xМетодика преподавания нерусским _xВысшая школа _91546180 _3RU\NLR\auth\66975745 |
|
| 606 | 0 |
_aРусский язык _jУчебные издания _xЛексика _xПреподавание нерусским _xВысшая школа _92143022 _3RU\NLR\auth\661291425 |
|
| 606 | 0 |
_aРусский язык _jУчебные издания _91533567 _3RU\NLR\auth\66969347 |
|
| 686 | _aЧ486.132(3)51 | ||
| 686 | _aШ141.12-933.299 | ||
| 700 | 1 |
_aДерягина _bС. И. _4070 |
|
| 701 | 1 |
_aШаклеин _bВ. М. _4070 |
|
| 801 | 0 |
_aRU _bNLR _c19991217 _gPSBO |
|
| 801 | 1 |
_aRU _bNLR _c19991217 |
|
| 852 |
_aNLR _j99-4/8651 |
||
| 942 | _cBOOK | ||
| 980 | _aNB | ||